| 000 | 00662nam a2200241 a 4500 | ||
|---|---|---|---|
| 001 | 12962 | ||
| 003 | BD-JhCC | ||
| 005 | 20230606193811.0 | ||
| 008 | 230606s2012 su a|||| |||| 000 0 mul d | ||
| 020 | _a97896035002103 | ||
| 035 | _a(BD-JhCC)12962 | ||
| 040 |
_aBD-JhCC _dBD-JhCC |
||
| 041 |
_aeng _aArabic |
||
| 082 |
_a297.7082 _bABD 2012 |
||
| 100 | _aAbdul Aziz, Moulavi | ||
| 245 |
_a20 hadith for kids / _cMoulavi Abdul Aziz |
||
| 260 |
_aRiyadh : _bDarussalam, _c2012 |
||
| 300 |
_a64 p. : _bcolor page; _c22 cm. |
||
| 650 | _aIslamic religious education of children | ||
| 650 |
_aParyer _vIslam |
||
| 650 | _aJuvenile literature | ||
| 942 |
_2ddc _cBK |
||
| 999 |
_c12962 _d12962 |
||